Where Did It Happen II? (US History) Quiz Stats

 Plays Quiz Updated Aug 20, 2017

Challenge
Share
Tweet
Score 0/25 Timer 06:00
1 Play Today
% Correct
California
World Series
Earthquake
92.4%
Nevada
Casino gambling
89.3%
Florida
2000 Recount
88.4%
New York
Lennon
Assassinated
87.3%
Pennsylvania
Gettysburg
Address
84%
Texas
Astrodome
83.7%
Hawaii
Monarchy
overthrown
83.4%
Arizona
Grand Canyon
Nat'l Park
82.9%
Missouri
Gateway
Arch
81.6%
Michigan
Olds Factory
79%
Illinois
Chicago
Fire
78.8%
Washington
Kurt Cobain
75.4%
Georgia
Olympic
bombing
74.2%
% Correct
Alaska
Exxon Valdez
73%
Virginia
Pentagon
64.5%
Mississippi
Elvis Born
60.1%
Mass.
Lexington
& Concord
59.8%
New Jersey
Thomas Edison
59.5%
Tennessee
Death of MLK
59%
Colorado
Pike's Peak
57%
Maryland
Poe
56.6%
Minnesota
Mayo Clinic
55.8%
Montana
Little Big Horn
32.4%
Louisiana
Bonnie & Clyde
shot
17.5%
Nebraska
Chimney Rock
16.4%

You're not logged in!

Compare scores with friends on all Sporcle quizzes.
Join for Free
OR
Log In

You Might Also Like...

Show Comments

Extras

Top Quizzes Today


Score Distribution

Your Account Isn't Verified!

In order to create a playlist on Sporcle, you need to verify the email address you used during registration. Go to your Sporcle Settings to finish the process.

Report this User

Report this user for behavior that violates our Community Guidelines.

Details: